Illustrated encyclopedia / (Record no. 138883)
[ view plain ]
| 000 -LEADER | |
|---|---|
| fixed length control field | nam a22 7a 4500 |
| 005 - DATE AND TIME OF LATEST TRANSACTION | |
| control field | 20180306110542.0 |
| 008 - FIXED-LENGTH DATA ELEMENTS--GENERAL INFORMATION | |
| fixed length control field | 180306b xxu||||| |||| 00| 0 eng d |
| 020 ## - INTERNATIONAL STANDARD BOOK NUMBER | |
| International Standard Book Number | 9788131906439 |
| 020 ## - INTERNATIONAL STANDARD BOOK NUMBER | |
| International Standard Book Number | 9788131906828 |
| 050 04 - LIBRARY OF CONGRESS CALL NUMBER | |
| Classification number | PS508.W7 |
| Item number | A76 2000 |
| 100 1# - MAIN ENTRY--PERSONAL NAME | |
| Personal name | Arora, Geeta Rani |
| Relator term | jefe de redacción |
| 245 10 - TITLE STATEMENT | |
| Title | Illustrated encyclopedia / |
| Statement of responsibility, etc | Managing editor : Dr. Geeta Rani Kaur; editor Ms. Pawanpreet Kaur |
| 260 ## - PUBLICATION, DISTRIBUTION, ETC. (IMPRINT) | |
| Place of publication, distribution, etc | Nueva Delhi : |
| Name of publisher, distributor, etc | Pegasus, |
| Date of publication, distribution, etc | 2000 |
| 300 ## - PHYSICAL DESCRIPTION | |
| Extent | 8 v. : |
| Other physical details | il. ; |
| Dimensions | 28 cm. |
| 490 #0 - SERIES STATEMENT | |
| Series statement | Illustrated encyclopedia |
| 504 ## - BIBLIOGRAPHY, ETC. NOTE | |
| Bibliography, etc | Incluye índice |
| 505 1# - FORMATTED CONTENTS NOTE | |
| Formatted contents note | Contenido : |
| Title | v.1 Communication -- v.2 Transport |
| 650 #7 - SUBJECT ADDED ENTRY--TOPICAL TERM | |
| Source of heading or term | lemb |
| Topical term or geographic name as entry element | Libros de lectura |
| Form subdivision | Inglés |
| 700 1# - ADDED ENTRY--PERSONAL NAME | |
| Personal name | Kaur, Pawanpreet |
| Relator term | ed. |
| 942 ## - ADDED ENTRY ELEMENTS (KOHA) | |
| Source of classification or shelving scheme | Biblioteca del Cogreso de los Estados Unidos |
| Koha item type | Libro |
| Estado de pérdida | Fuente de clasificación | Estado del daño | No para préstamo | Ubicación permanente | Ubicación actual | Apartado o colección | Fecha de adquisición | Fuente de adquisición | Edición | Área del conocimiento | Clasificación | Código de Barras | Date last seen | Número de copia | Tipo de recurso |
|---|---|---|---|---|---|---|---|---|---|---|---|---|---|---|---|
| Biblioteca del Cogreso de los Estados Unidos | Biblioteca del Departamento de Idiomas | Biblioteca del Departamento de Idiomas | General | 06/03/2018 | Unidad Académica | 1a | Educación y Humanidades | PS508.W7 A76 2000 V.1 | BDI000002261 | 06/03/2018 | 1 | Libro | |||
| Biblioteca del Cogreso de los Estados Unidos | Biblioteca del Departamento de Idiomas | Biblioteca del Departamento de Idiomas | General | 06/03/2018 | Unidad Académica | 1a | Educación y Humanidades | PS508.W7 A76 2000 V.2 | BDI000002262 | 06/03/2018 | 1 | Libro |